000 00385nam a2200109Ia 4500
008 160712s9999 xx 000 0 und d
100 _aYu, Joel C.
245 _cJoel C. Yu,
_aRegime-Switching Market Risk: Evidence from the Philippines
260 _c2012
_bPhilippine Management Review
650 _xMANAGEMENT
856 _uhttp://journals.upd.edu.ph/index.php/pmr/issue/view/248/showToc
999 _c297453
_d297453